Pokémon Black/White Pokédex - Statistics

General Stats
  • This quiz has been taken 29 times
  • The average score is 84 of 156
Answer Stats
Picture Answer % Correct
Tepig
91%
Snivy
87%
Victini
87%
Oshawott
83%
Samurott
83%
Dewott
78%
Emboar
78%
Patrat
74%
Sandile
74%
Sawk
74%
Watchog
74%
Audino
70%
Excadrill
70%
Klink
70%
Lillipup
70%
Munna
70%
Pansear
70%
Pignite
70%
Serperior
70%
Timburr
70%
Emolga
65%
Herdier
65%
Joltik
65%
Panpour
65%
Pansage
65%
Reshiram
65%
Scraggy
65%
Servine
65%
Simisage
65%
Simisear
65%
Throh
65%
Zebstrika
65%
Zekrom
65%
Axew
61%
Drilbur
61%
Dwebble
61%
Foongus
61%
Haxorus
61%
Klang
61%
Pidove
61%
Scrafty
61%
Simipour
61%
Stoutland
61%
Trubbish
61%
Unfezant
61%
Woobat
61%
Yamask
61%
Zoroark
61%
Zorua
61%
Amoonguss
57%
Archeops
57%
Basculin
57%
Cottonee
57%
Deerling
57%
Ferroseed
57%
Klinklang
57%
Krokorok
57%
Kyurem
57%
Landorus
57%
Liepard
57%
Lilligant
57%
Musharna
57%
Purrloin
57%
Scolipede
57%
Seismitoad
57%
Solosis
57%
Swanna
57%
Tranquill
57%
Tynamo
57%
Vanillish
57%
Venipede
57%
Whimsicott
57%
Blitzle
52%
Cofagrigus
52%
Conkeldurr
52%
Crustle
52%
Cubchoo
52%
Darmanitan
52%
Druddigon
52%
Ducklett
52%
Durant
52%
Frillish
52%
Genesect
52%
Gigalith
52%
Gothita
52%
Hydreigon
52%
Krookodile
52%
Leavanny
52%
Litwick
52%
Maractus
52%
Meloetta
52%
Mienfoo
52%
Minccino
52%
Stunfisk
52%
Swoobat
52%
Tympole
52%
Alomomola
48%
Beartic
48%
Bisharp
48%
Cinccino
48%
Darumaka
48%
Deino
48%
Ferrothorn
48%
Fraxure
48%
Gothitelle
48%
Gurdurr
48%
Jellicent
48%
Keldeo
48%
Palpitoad
48%
Pawniard
48%
Petilil
48%
Roggenrola
48%
Sewaddle
48%
Sigilyph
48%
Terrakion
48%
Thundurus
48%
Tornadus
48%
Vanillite
48%
Vanilluxe
48%
Whirlipede
48%
Archen
43%
Boldore
43%
Braviary
43%
Chandelure
43%
Cobalion
43%
Cryogonal
43%
Escavalier
43%
Galvantula
43%
Golett
43%
Golurk
43%
Heatmor
43%
Karrablast
43%
Rufflet
43%
Virizion
43%
Volcarona
43%
Bouffalant
39%
Duosion
39%
Garbodor
39%
Gothorita
39%
Mienshao
39%
Reuniclus
39%
Sawsbuck
39%
Zweilous
39%
Carracosta
35%
Eelektross
35%
Larvesta
35%
Shelmet
35%
Swadloon
35%
Beheeyem
30%
Eelektrik
30%
Elgyem
30%
Lampent
30%
Tirtouga
30%
Accelgor
26%
Mandibuzz
26%
Vullaby
17%
No matching quizzes found
Score Distribution
Percent of People with Each Score
Percentile by Number Answered
Your Score History
You have not taken this quiz